| 000 | 00918nam a22002295i 4500 | ||
|---|---|---|---|
| 001 | 175995 | ||
| 003 | ES-MaACL | ||
| 005 | 20230906215948.0 | ||
| 008 | 101209 1972 sp a |||| | spa d | ||
| 080 | _a373:696/697 | ||
| 245 | 0 | 0 |
_aInstalaciones en escuelas. _nI, _pelementos de control ambiental / _crealización: Rafael Serra Florensa ... [et al.]. |
| 260 |
_aBarcelona : _bColegio Oficial de Arquitectos de Cataluña y Baleares : _bAsesoría Técnica de Ediciones, _cD. L. 1972. |
||
| 300 |
_a53, [11] p. : _bil. ; _c24 cm. |
||
| 490 | 1 |
_aManuales de arquitectura ; _v12 |
|
| 650 | 4 |
_aEscuelas. _9136043 |
|
| 650 | 4 |
_aEdificios- _xInstalaciones. _9144212 |
|
| 700 | 1 |
_aSerra Florensa, Rafael. _9144211 |
|
| 710 | 0 |
_aColegio Oficial de Arquitectos de Cataluña y Baleares. _92956 |
|
| 830 | 0 |
_aManuales de arquitectura ; _v12 _9223953 |
|
| 852 |
_aES-MaACL _j2272-F-11 _xOlim P-1644 |
||
| 999 |
_c175995 _d175995 |
||